Engineering materials (Record no. 4274)

000 -LEADER
fixed length control field 00354nam a22001457a 4500
008 - FIXED-LENGTH DATA ELEMENTS--GENERAL INFORMATION
fixed length control field 200730b ||||| |||| 00| 0 eng d
082 00 - DEWEY DECIMAL CLASSIFICATION NUMBER
Classification number 620.18
Item number M727
100 ## - MAIN ENTRY--PERSONAL NAME
9 (RLIN) 1476
Personal name Mollow, E.
245 10 - TITLE STATEMENT
Title Engineering materials
260 ## - PUBLICATION, DISTRIBUTION, ETC. (IMPRINT)
Place of publication, distribution, etc London
Name of publisher, distributor, etc George Newnes
Date of publication, distribution, etc 1943
300 ## - PHYSICAL DESCRIPTION
Extent 128 p.
365 ## - TRADE PRICE
Unit of pricing 5.04
650 #0 - SUBJECT ADDED ENTRY--TOPICAL TERM
Topical term or geographic name as entry element Materials
942 ## - ADDED ENTRY ELEMENTS (KOHA)
Item type Books
Holdings
Withdrawn status Lost status Source of classification or shelving scheme Damaged status Not for loan Permanent location Current location Date acquired Source of acquisition Full call number Barcode Date last seen Koha item type
  Lost       IMU Kolkata IMU Kolkata 1954-03-10 A. H. Wheeler 620.18 M727 02034 2020-07-30 Books
Designed and Maintained by IMU-KC Library, Kolkata Campus © Copyright All Rights Reserved

webs counters

Powered by Koha